header

Liquid phase oxidation via heterogeneous catalysis (Record no. 10626)

MARC details
000 -LEADER
fixed length control field 01412nam a2200349 a 4500
082 04 - DEWEY DECIMAL CLASSIFICATION NUMBER
Classification number 541/.393
245 00 - TITLE STATEMENT
Title Liquid phase oxidation via heterogeneous catalysis
260 ## - PUBLICATION, DISTRIBUTION, ETC. (IMPRINT)
Place of publication Hoboken, N.J. :
Name of publisher Wiley,
Year of publication 2013.
300 ## - PHYSICAL DESCRIPTION
Number of Pages xix, 526 p. :
Other physical details ill.
650 #0 - SUBJECT ADDED ENTRY--TOPICAL TERM
Topical Term Oxidation.
Topical Term Oxidation
Topical Term Heterogeneous catalysis.
Topical Term Heterogeneous catalysis
700 1# - ADDED ENTRY--PERSONAL NAME
Personal name Clerici, Mario G.
Personal name Kholdeeva, Oxana A.
856 40 - ELECTRONIC LOCATION AND ACCESS
Uniform Resource Identifier http://site.ebrary.com/lib/rucke/Doc?id=10691475

No items available.

© 2026 Rongo University
Contact us: librarian | system librarian | Rongo university